000 00711nam a22001937a 4500
999 _c3867
_d3867
003 Nust
005 20180117090018.0
008 161214b xxu||||| |||| 00| 0 eng d
020 _a9789351114857
040 _aS3H
_c0
082 _2333.7
100 _4Anand Roy
245 _aRural development and rural epmloyment
_cAnand Roy
260 _aNew Delhi
_bRandom publications
_c2015.
300 _a293p
942 _2ddc
_cBK